000 00680nam a2200217Ii 4500
001 916
003 CO-ViMGA
008 241108s9999||||xx |||||||||||||| ||und||
020 _a8483072327
040 _aCO-ViMGA
_bspa
_erda
_cCO-ViMGA
041 0 _aspa
082 0 4 _a909 G65b
100 1 _aErnst H. Gombrich
_946598
245 1 0 _aBreve historia del mundo :
_bEl recuerdo nos sirve para proyectar luz sobre el pasado
264 1 _a[Lugar de publicación no identificado] : Península, 2002
300 _avolumen
336 _atext
_btxt
_2rdacontent
337 _aunmediated
_bn
_2rdamedia
338 _avolume
_bnc
_2rdacarrier
940 _aidficha_siabuc: 899. -- ficha_no_siabuc:916
999 _c41165
_d41165